00662nam a2200217Ia 4500008004100000050001500041050001400056100003000070245003800100245006600138260001300204260002200217260000900239300001600248300002600264300001100290500002000301650003900321650003200360650005200392200601s9999 xx 000 0 und d aREF DS 688 b.B64 2006 aBronce, Quennie Sanchez - 0aYour guide to Bohol Philippines / 0cQuennie Sanchez-Bronce, Honey Jarque Loop, Daniel Carpentier. a[s. l. ] bPDP Digital, Inc. c2006 a128 pages : bcolor illustrations ; c22 cm. aIncludes index. aBohol (Philippines) -- Guidebooks. aRecreation areas -- Bohol.  xBohol (Philippines) -- Description and travel.